| 000 | 00513nam a2200169 a 4500 | ||
|---|---|---|---|
| 001 | 000035218 | ||
| 005 | 20200930074202.0 | ||
| 008 | 111026s1974 xxua 000 0 spa d | ||
| 020 | _a8439903537 | ||
| 040 |
_aDO-SdBNP _bspa _cBNPHU |
||
| 082 |
_axxxx _bP788m |
||
| 100 | 1 |
_aPompa, Gerónimo _960969 |
|
| 245 | 1 | 0 |
_aMedicamentos indígenas : _bcolección extraida de los reinos vegetal, animal y mineral / _cGerónimo Pompa. |
| 250 | _a41a ed. | ||
| 260 |
_aMiami : _bAmérica, _c1974. |
||
| 300 |
_a311 p. ; _c19 cm. |
||
| 999 |
_c34709 _d34709 |
||